| 000 | 00641cam a22002411 4500 | ||
|---|---|---|---|
| 001 | 8367 | ||
| 003 | BD-RjUL | ||
| 005 | 20211208234557.0 | ||
| 008 | 140118t1963 enk 001 0 eng | ||
| 035 | _a(BD-RjUL)8412 | ||
| 035 | _a(OCoLC)1385158 | ||
| 040 |
_aDLC _cGAT _dUk _dDLC _dBD-RjUL _beng |
||
| 041 | _aeng | ||
| 082 | 0 | 4 |
_216 _a526.982 _bCRE 1963 |
| 100 | 1 |
_aCrone, D. R. _926060 |
|
| 245 | 1 | 0 |
_aElementary photogrammetry / _c[by] D. R. Crone. |
| 260 |
_aLondon : _bE. Arnold, _c1963 |
||
| 300 |
_a191 p.: _billus. ; _c24 cm. |
||
| 650 | 0 |
_aPhotogrammetry. _925638 |
|
| 942 |
_2ddc _cBK |
||
| 999 |
_c8367 _d8367 |
||